[Event "Backa Topola-ch"]
[Site "Backa Topola"]
[Date "2019.12.09"]
[Round "7"]
[White "Dajc, Antun"]
[Black "Radovic, Goran"]
[Result "0-1"]
[WhiteElo "1625"]
[BlackElo "1810"]
[PlyCount "52"]
[EventDate "2019.11.25"]
[EventType "swiss"]
[EventRounds "9"]
[EventCountry "SRB"]
[SourceTitle "CBM 193 Extra"]
[Source "ChessBase"]
[SourceDate "2020.01.31"]
[SourceVersion "1"]
[SourceVersionDate "2020.01.31"]
[SourceQuality "1"]

1. c4 Nf6 2. Nc3 g6 3. Nf3 Bg7 4. d4 d6 5. g3 0-0 6. Bg2 Nbd7 7. 0-0 c6 8. e4 e5 9. Bg5 h6 10. dxe5 hxg5 11. exf6 Qxf6 12. Qd2 g4 13. Qg5 gxf3 14. Qxf6 Bxf6 15. Bxf3 Ne5 16. Be2 Be6 17. b3 Nf3+ 18. Bxf3 Bxc3 19. Rac1 Bd4 20. Kg2 Rad8 21. a3 Bb2 22. Rc2 Bxa3 23. Ra1 Bb4 24. Be2 d5 25. cxd5 cxd5 26. e5 Bf5 0-1

[Event "Belgrade-chT"]
[Site "Belgrade"]
[Date "2018.05.11"]
[Round "5"]
[White "Poleksic, Dusan"]
[Black "Radovic, Goran"]
[Result "1-0"]
[WhiteElo "2004"]
[BlackElo "1919"]
[PlyCount "61"]
[EventDate "2018.05.07"]
[EventType "team-swiss"]
[EventRounds "5"]
[EventCountry "SRB"]
[SourceTitle "CBM 184 Extra"]
[Source "ChessBase"]
[SourceDate "2018.06.28"]
[SourceVersion "1"]
[SourceVersionDate "2018.06.28"]
[SourceQuality "1"]
[WhiteTeam "Belgrade Turbina"]
[BlackTeam "Belgrade Partizan"]
[WhiteTeamCountry "SRB"]
[BlackTeamCountry "SRB"]

1. d4 Nf6 2. c4 g6 3. Nc3 Bg7 4. e4 d6 5. Be2 c5 6. d5 a6 7. a4 Bd7 8. g4 h5 9. g5 Nh7 10. f4 e5 11. dxe6 Bxe6 12. Nf3 Nc6 13. Nh4 Nd4 14. 0-0 Qd7 15. f5 gxf5 16. exf5 Nxf5 17. Nxf5 Bxf5 18. Nd5 Bd4+ 19. Kh1 Bg4 20. Bxg4 hxg4 21. g6 fxg6 22. Qe1+ Kd8 23. Qh4+ Ke8 24. Bd2 Rf8 25. Rae1+ Be5 26. Bf4 Rf5 27. Bxe5 dxe5 28. Rxf5 gxf5 29. Rxe5+ Kf8 30. Re7 Qxa4 31. Qh6+ 1-0

[Event "Belgrade-chT"]
[Site "Belgrade"]
[Date "2018.05.10"]
[Round "4"]
[White "Radovic, Goran"]
[Black "Polhert, Zdenko"]
[Result "1-0"]
[WhiteElo "1919"]
[BlackElo "1920"]
[PlyCount "77"]
[EventDate "2018.05.07"]
[EventType "team-swiss"]
[EventRounds "5"]
[EventCountry "SRB"]
[SourceTitle "CBM 184 Extra"]
[Source "ChessBase"]
[SourceDate "2018.06.28"]
[SourceVersion "1"]
[SourceVersionDate "2018.06.28"]
[SourceQuality "1"]
[WhiteTeam "Belgrade Partizan"]
[BlackTeam "Belgrade Pogledi"]
[WhiteTeamCountry "SRB"]
[BlackTeamCountry "SRB"]

1. e4 e5 2. d4 exd4 3. Qxd4 Nc6 4. Qe3 d6 5. Nc3 Nf6 6. f3 Be7 7. Bd2 0-0 8. 0-0-0 Re8 9. g4 h6 10. h4 Nh7 11. Qf2 a6 12. Nge2 b5 13. Nf4 Be6 14. Ncd5 Ne5 15. Nxe6 fxe6 16. Nxe7+ Qxe7 17. g5 h5 18. f4 Nd7 19. f5 Rf8 20. Bh3 e5 21. Qe2 Qe8 22. Rhg1 Kh8 23. g6 Nhf6 24. Rg5 Kg8 25. Bg2 Qe7 26. Bf3 Rfd8 27. Bxh5 c6 28. Bf3 d5 29. h5 Nc5 30. exd5 cxd5 31. Rdg1 Nce4 32. h6 Rac8 33. Ba5 Rd7 34. hxg7 Qc5 35. Qh2 Rxg7 36. Rh1 Kf8 37. Bxe4 Nxe4 38. a3 Qe3+ 39. Kb1 1-0

[Event "Belgrade-chT"]
[Site "Belgrade"]
[Date "2018.05.07"]
[Round "1"]
[White "Stankovic, Boris"]
[Black "Radovic, Goran"]
[Result "1/2-1/2"]
[WhiteElo "1693"]
[BlackElo "1919"]
[PlyCount "71"]
[EventDate "2018.05.07"]
[EventType "team-swiss"]
[EventRounds "5"]
[EventCountry "SRB"]
[SourceTitle "CBM 184 Extra"]
[Source "ChessBase"]
[SourceDate "2018.06.28"]
[SourceVersion "1"]
[SourceVersionDate "2018.06.28"]
[SourceQuality "1"]
[WhiteTeam "Belgrade Radnicki"]
[BlackTeam "Belgrade Partizan"]
[WhiteTeamCountry "SRB"]
[BlackTeamCountry "SRB"]

1. e4 e5 2. Nf3 Nc6 3. d4 exd4 4. Nxd4 Nf6 5. Nc3 Be7 6. Nxc6 dxc6 7. Qxd8+ Bxd8 8. Bg5 0-0 9. 0-0-0 Be6 10. f4 Ng4 11. Rxd8 Raxd8 12. Bxd8 Rxd8 13. Be2 Bc8 14. h3 Nf6 15. g4 Kf8 16. Rd1 Rd6 17. Re1 Rd4 18. Bf3 h6 19. Rd1 Rxd1+ 20. Kxd1 Nd7 21. Kd2 Ke7 22. Ke3 Nc5 23. f5 f6 24. Ne2 Nd7 25. Nf4 Ne5 26. Be2 Bd7 27. b3 a5 28. Nd3 Kd6 29. Kf4 Nf7 30. c4 b6 31. h4 Be8 32. c5+ bxc5 33. Nb2 Ne5 34. Nc4+ Nxc4 35. Bxc4 Bd7 36. Bd3 1/2-1/2

[Event "Belgrade-chT Premier"]
[Site "Belgrade"]
[Date "2017.09.24"]
[Round "6.5"]
[White "Djurasevic, Branislav"]
[Black "Radovic, Goran"]
[Result "1/2-1/2"]
[WhiteElo "2095"]
[BlackElo "1929"]
[PlyCount "21"]
[EventDate "2017.09.18"]
[EventType "team"]
[EventRounds "9"]
[EventCountry "SRB"]
[SourceTitle "CBM 180 Extra"]
[Source "ChessBase"]
[SourceDate "2017.10.06"]
[SourceVersion "1"]
[SourceVersionDate "2017.10.06"]
[SourceQuality "1"]
[WhiteTeam "Mirijevo"]
[BlackTeam "Belgrade Partizan"]
[WhiteTeamCountry "SRB"]
[BlackTeamCountry "SRB"]

1. e4 c5 2. Nf3 d6 3. d4 cxd4 4. Qxd4 Nc6 5. Bb5 Bd7 6. Bxc6 Bxc6 7. 0-0 Nf6 8. e5 dxe5 9. Qxd8+ Rxd8 10. Nxe5 Be4 11. c3 1/2-1/2

[Event "Paracin Summer op-B 10th"]
[Site "Paracin"]
[Date "2017.07.11"]
[Round "5"]
[White "Hereklioglu, Sude"]
[Black "Radovic, Goran"]
[Result "1-0"]
[WhiteElo "1721"]
[BlackElo "1940"]
[PlyCount "73"]
[EventDate "2017.07.07"]
[EventType "swiss"]
[EventRounds "9"]
[EventCountry "SRB"]
[SourceTitle "EXT 2020"]
[Source "ChessBase"]
[SourceDate "2019.10.17"]
[SourceVersion "1"]
[SourceVersionDate "2019.10.17"]
[SourceQuality "1"]

1. d4 Nf6 2. Nc3 d5 3. Bg5 Nbd7 4. Nf3 h6 5. Bf4 c6 6. e3 Nh5 7. Be5 Nxe5 8. Nxe5 Nf6 9. Bd3 e6 10. 0-0 Qc7 11. f4 Bd6 12. Qf3 Qe7 13. Rae1 c5 14. f5 0-0 15. fxe6 Bxe6 16. e4 c4 17. exd5 cxd3 18. dxe6 fxe6 19. Qxd3 Bxe5 20. Rxe5 Ng4 21. Ree1 Qd6 22. g3 e5 23. Nb5 Qb6 24. h3 a6 25. hxg4 axb5 26. Rxe5 Rxf1+ 27. Kxf1 Rd8 28. Rxb5 Qc6 29. d5 Rf8+ 30. Ke2 Qc7 31. Kd2 Qe5 32. Qe3 Qc7 33. b3 Rc8 34. c4 Kh8 35. g5 hxg5 36. Qxg5 Re8 37. Qh5+ 1-0

[Event "Belgrade Partizan CC-ch"]
[Site "Belgrade"]
[Date "2017.02.04"]
[Round "2"]
[White "Matovic, Mihajlo Z"]
[Black "Radovic, Goran"]
[Result "1-0"]
[WhiteElo "2264"]
[BlackElo "1929"]
[PlyCount "77"]
[EventDate "2017.02.03"]
[EventType "tourn"]
[EventRounds "5"]
[EventCountry "SRB"]
[SourceTitle "CBM 176 Extra"]
[Source "ChessBase"]
[SourceDate "2017.03.02"]
[SourceVersion "1"]
[SourceVersionDate "2017.03.02"]
[SourceQuality "1"]

1. Nf3 Nf6 2. g3 d5 3. Bg2 c6 4. b3 Bf5 5. Bb2 h6 6. 0-0 e6 7. d3 Be7 8. Nbd2 a5 9. e4 Bh7 10. Ne5 0-0 11. Kh1 Nbd7 12. f4 Qc7 13. Qe2 Ra6 14. g4 Ne8 15. Ndf3 Nxe5 16. Bxe5 Qd8 17. f5 f6 18. Bb2 e5 19. d4 dxe4 20. Qxe4 Nd6 21. Qe2 e4 22. Nd2 Re8 23. Nxe4 Bf8 24. Qd3 Nf7 25. Rae1 Kh8 26. Re2 Bg8 27. Rfe1 a4 28. Bc1 axb3 29. axb3 Ra1 30. Bd2 Rxe1+ 31. Rxe1 b5 32. h4 Be7 33. Rg1 c5 34. dxc5 Qxd3 35. cxd3 Ne5 36. g5 fxg5 37. hxg5 Nxd3 38. gxh6 Bxc5 39. hxg7+ 1-0

[Event "Belgrade-chT Quality"]
[Site "Belgrade"]
[Date "2016.10.22"]
[Round "7.3"]
[White "Radovic, Goran"]
[Black "Todorovic, Sasa"]
[Result "1-0"]
[WhiteElo "1937"]
[BlackElo "1860"]
[PlyCount "83"]
[EventDate "2016.10.01"]
[EventType "team-tourn"]
[EventRounds "11"]
[EventCountry "SRB"]
[SourceTitle "EXT 2018"]
[Source "ChessBase"]
[SourceDate "2017.10.13"]
[SourceVersion "1"]
[SourceVersionDate "2017.10.13"]
[SourceQuality "1"]

1. e4 g6 2. d4 Bg7 3. Be3 d6 4. Nc3 a6 5. Qd2 b5 6. Bd3 Nd7 7. f4 Bb7 8. a3 c5 9. d5 Qc7 10. Be2 Ngf6 11. Bf3 Nb6 12. Bf2 Nc4 13. Qc1 Qa5 14. Nge2 Nd7 15. 0-0 Qc7 16. Rb1 Bh6 17. Nd1 Nde5 18. Be1 Bc8 19. b3 Nxf3+ 20. Rxf3 Ne5 21. Rf1 0-0 22. Bd2 Ng4 23. h3 Nf6 24. Ng3 c4 25. Be3 Bd7 26. Nf2 Rac8 27. Qd1 cxb3 28. cxb3 Qc3 29. Qf3 Qa5 30. e5 dxe5 31. Ng4 Nxg4 32. hxg4 Bxf4 33. Bxf4 exf4 34. Qxf4 Qxa3 35. Ne4 f5 36. gxf5 Bxf5 37. Ra1 Qb4 38. Nf6+ Rxf6 39. Qxb4 Rc2 40. Qxe7 Rf7 41. Qe5 h5 42. Rxa6 1-0

[Event "Belgrade-chT Quality"]
[Site "Belgrade"]
[Date "2015.10.10"]
[Round "3"]
[White "Tadic, Stefan"]
[Black "Radovic, Goran"]
[Result "1-0"]
[WhiteElo "1895"]
[BlackElo "1962"]
[PlyCount "105"]
[EventDate "2015.10.03"]
[EventType "team-tourn"]
[EventRounds "11"]
[EventCountry "SRB"]
[SourceTitle "EXT 2018"]
[Source "ChessBase"]
[SourceDate "2017.10.13"]
[SourceVersion "1"]
[SourceVersionDate "2017.10.13"]
[SourceQuality "1"]

1. Nf3 Nf6 2. c4 g6 3. g3 Bg7 4. Bg2 0-0 5. 0-0 d6 6. d4 Nc6 7. Nc3 Bf5 8. d5 Na5 9. Nd4 Bd7 10. Qd3 Ng4 11. f4 c5 12. Nf3 a6 13. e4 b5 14. cxb5 axb5 15. h3 c4 16. Qe2 Nh6 17. g4 b4 18. Nd1 Kh8 19. Be3 Ng8 20. Bd4 Nb3 21. Bxg7+ Kxg7 22. Rb1 Qb6+ 23. Kh1 Na5 24. Ne3 Bb5 25. Qf2 Qa7 26. Nd4 Ba6 27. e5 Kh8 28. Rfd1 Qc7 29. e6 f6 30. Nc6 Qb6 31. Qd2 Nxc6 32. dxc6 Qc5 33. Nd5 Bc8 34. Qxb4 Rxa2 35. Qxc5 dxc5 36. Nc3 Ra5 37. Bd5 h5 38. Kg2 Kg7 39. Bxc4 Nh6 40. Kf3 hxg4+ 41. hxg4 f5 42. g5 Ng4 43. Ra1 Rxa1 44. Rxa1 Nh2+ 45. Ke2 Ng4 46. Ra7 Rh8 47. Rxe7+ Kf8 48. Rc7 Rh2+ 49. Kf3 Rh3+ 50. Kg2 Rh2+ 51. Kg3 Bxe6 52. Bxe6 Rxb2 53. Rf7+ 1-0

[Event "Belgrade City-chT"]
[Site "Belgrade"]
[Date "2013.10.27"]
[Round "2"]
[White "Turan, Mihal"]
[Black "Radovic, Goran"]
[Result "1-0"]
[WhiteElo "1924"]
[BlackElo "2003"]
[PlyCount "79"]
[EventDate "2013.10.26"]
[EventType "team-tourn"]
[EventRounds "11"]
[EventCountry "SRB"]
[SourceTitle "EXT 2015"]
[Source "ChessBase"]
[SourceDate "2014.11.20"]
[SourceVersion "1"]
[SourceVersionDate "2014.11.20"]
[SourceQuality "1"]

1. e4 e5 2. Nf3 Nc6 3. d4 exd4 4. Bc4 Nf6 5. e5 Ne4 6. 0-0 d5 7. Bb5 Bd7 8. Bxc6 bxc6 9. Nxd4 Qh4 10. Be3 Be7 11. f3 Ng5 12. Bf2 Qh5 13. Nc3 0-0 14. Nb3 Ne6 15. Bg3 Rab8 16. Qd2 Qf5 17. Ne2 h5 18. Nbd4 Qg6 19. f4 Nxd4 20. Nxd4 Bc5 21. c3 Bf5 22. Bf2 Be4 23. Be3 Qg4 24. b4 Bxd4 25. Bxd4 a6 26. Rae1 Rfe8 27. Re3 h4 28. Rh3 Re6 29. f5 Bxf5 30. Rf4 Qg5 31. Rfxh4 f6 32. Qxg5 fxg5 33. Rh8+ Kf7 34. Rxb8 Bxh3 35. gxh3 Kg6 36. Ra8 Kf5 37. Rxa6 Ke4 38. b5 Kf3 39. Rxc6 Re8 40. Rxc7 1-0

[Event "Belgrade-chT Quality"]
[Site "Belgrade"]
[Date "2012.11.02"]
[Round "11.1"]
[White "Vucinic, Gojko"]
[Black "Radovic, Goran"]
[Result "1-0"]
[WhiteElo "2208"]
[BlackElo "2012"]
[PlyCount "81"]
[EventDate "2012.10.13"]
[EventType "team-tourn"]
[EventRounds "11"]
[EventCountry "SRB"]
[SourceTitle "EXT 2019"]
[Source "ChessBase"]
[SourceDate "2018.10.10"]
[SourceVersion "1"]
[SourceVersionDate "2018.10.10"]
[SourceQuality "1"]

1. e4 e5 2. Nf3 Nc6 3. Bc4 Nf6 4. Ng5 d5 5. exd5 Nd4 6. c3 b5 7. Bf1 Nxd5 8. cxd4 Qxg5 9. Bxb5+ Kd8 10. Qf3 Bb7 11. 0-0 Rb8 12. dxe5 Ne3 13. Qh3 Qxg2+ 14. Qxg2 Nxg2 15. d4 Nh4 16. Bg5+ Be7 17. Bxh4 Bxh4 18. Nc3 h5 19. f4 Rh6 20. Bd3 Ba6 21. Bxa6 Rxa6 22. b3 Rc6 23. Rac1 Rg6+ 24. Kh1 Rb4 25. Rfd1 Bf2 26. Rc2 Rc6 27. Rxf2 Rxc3 28. Kg2 Re3 29. Rfd2 Rb6 30. f5 Rc6 31. Kf2 Rcc3 32. Rg1 Rf3+ 33. Ke2 Rxf5 34. Rxg7 Ke7 35. Rg3 Rc1 36. Ke3 Ke6 37. Ke4 c6 38. Rg8 Rff1 39. Rh8 f5+ 40. exf6 Rxf6 41. Rxh5 1-0